[Event "Bielefeld- Bonn"]
[Site "?"]
[Date "2022.11.06"]
[Round "4.1"]
[White "Dehmel, Jens"]
[Black "Forchert, Martin"]
[Result "0-1"]
[WhiteElo "2030"]
[BlackElo "2305"]
[PlyCount "58"]
[SourceVersionDate "2023.06.22"]

1. d4 d5 2. c4 dxc4 3. e4 Nc6 4. Nf3 Nf6 5. e5 Nd5 6. Bxc4 Bg4 7. Nc3 e6 8. O-O
Nb6 9. Be2 Qd7 10. Be3 O-O-O 11. Bb5 a6 12. Bxc6 Qxc6 13. Rc1 Bxf3 14. gxf3 Be7
15. a4 Qd7 16. b4 Bxb4 17. Qb3 Bxc3 18. Qxc3 Nd5 19. Qc4 Kb8 20. a5 Ka8 21. Rb1
Rb8 22. Kh1 f5 23. exf6 gxf6 24. Rg1 Rhg8 25. Rg3 Rg6 26. Rbg1 Rbg8 27. Qd3 f5
28. Bd2 Qb5 29. Qc2 Qe2 0-1

[Event "Bielefeld- Bonn"]
[Site "?"]
[Date "2022.11.06"]
[Round "4.2"]
[White "Gruen, Gerd- Peter"]
[Black "Suppert, Timur"]
[Result "0-1"]
[WhiteElo "2279"]
[BlackElo "2099"]
[PlyCount "124"]
[SourceVersionDate "2023.06.22"]

1. d4 f5 2. Nf3 Nf6 3. g3 g6 4. Bg2 Bg7 5. O-O O-O 6. c4 d6 7. Nc3 Nc6 8. d5
Ne5 9. Nxe5 dxe5 10. Qb3 h6 11. Rd1 Kh8 12. c5 g5 13. Bd2 e4 14. a4 a6 15. a5
e6 16. d6 cxd6 17. cxd6 Rf7 18. Be3 Qe8 19. f3 exf3 20. exf3 e5 21. Bf1 Be6 22.
Bc4 Bxc4 23. Qxc4 Rc8 24. Qb3 f4 25. Bf2 g4 26. Nd5 Qe6 27. Ra3 fxg3 28. Bxg3
gxf3 29. Qxf3 Ne8 30. Qb3 Nxd6 31. Nb6 Qxb3 32. Rxb3 Rc6 33. Rbd3 Nb5 34. Rd7
Rc7 35. Rxf7 Rxf7 36. Rd8+ Kh7 37. Re8 Nc7 38. Rc8 Kg6 39. Nc4 Re7 40. Nxe5+
Bxe5 41. Bxe5 Rxe5 42. Rxc7 Rb5 43. Kg2 Rxb2+ 44. Kg3 Rb5 45. Kg4 Kf6 46. Rh7
Ke6 47. h4 Rxa5 48. Rxh6+ Kd7 49. Rh7+ Kc6 50. h5 Ra1 51. Rf7 Rg1+ 52. Kh4 a5
53. Rf3 Rg8 54. Rg3 Rh8 55. Kg4 b5 56. Rh3 a4 57. Kf4 b4 58. Ke4 a3 59. Kd3 a2
60. Rh1 Rxh5 61. Ra1 Rh2 62. Kc4 Rb2 0-1

[Event "Bielefeld- Bonn"]
[Site "?"]
[Date "2022.11.06"]
[Round "4.3"]
[White "Limp, Roland"]
[Black "Simon, Hans- Christian"]
[Result "1/2-1/2"]
[WhiteElo "1925"]
[BlackElo "2165"]
[PlyCount "94"]
[SourceVersionDate "2023.06.22"]

1. c4 e5 2. Nc3 Nf6 3. g3 Bb4 4. Bg2 O-O 5. Nf3 Re8 6. O-O h6 7. d3 c6 8. Qb3
Bf8 9. e4 Na6 10. h3 Nc5 11. Qc2 d5 12. Rd1 d4 13. Ne2 b5 14. Ne1 a5 15. f4
Nfd7 16. Nf3 bxc4 17. Qxc4 Ba6 18. Qc2 Qb6 19. Kh2 Rad8 20. fxe5 Nxe5 21. Nxe5
Rxe5 22. Ng1 Qb5 23. Bf1 a4 24. b3 axb3 25. axb3 Bc8 26. Rb1 Na6 27. Nf3 Ree8
28. Bd2 Nb4 29. Qc4 Be6 30. Qxb5 cxb5 31. Rbc1 f5 32. Rc7 fxe4 33. dxe4 d3 34.
Rb7 Bc8 35. Rxb5 Rxe4 36. Re1 Rxe1 37. Nxe1 Nc2 38. Bxd3 Be6 39. Nxc2 Rxd3 40.
Bb4 Bxb4 41. Nxb4 Rd2+ 42. Kh1 Bxb3 43. Re5 Kf7 44. Re3 Be6 45. h4 Kf6 46. Nd3
Kf5 47. Kg1 Kf6 1/2-1/2

[Event "Bielefeld- Bonn"]
[Site "?"]
[Date "2022.11.06"]
[Round "4.4"]
[White "Goessling, Guido"]
[Black "Horstmann, Olaf"]
[Result "1-0"]
[WhiteElo "2153"]
[BlackElo "2111"]
[PlyCount "31"]
[SourceVersionDate "2023.06.22"]

1. e4 e6 2. d4 d5 3. Nc3 Nc6 4. Nf3 Nf6 5. e5 Ne4 6. Ne2 f6 7. Nf4 fxe5 8. Nxe5
Nxe5 9. dxe5 Qg5 10. Nd3 Qg6 11. Be3 Bd7 12. f3 Ng5 13. h4 Nf7 14. h5 Qg3+ 15.
Kd2 g6 16. Rh3 1-0

[Event "Bielefeld- Bonn"]
[Site "?"]
[Date "2022.11.06"]
[Round "4.5"]
[White "Sharma, Vibhor"]
[Black "Beilfuß, Wilfried"]
[Result "1-0"]
[WhiteElo "1815"]
[BlackElo "2131"]
[PlyCount "59"]
[SourceVersionDate "2023.06.22"]

1. e4 c5 2. Nc3 Nc6 3. d3 g6 4. Be3 d6 5. Qd2 Bg7 6. Be2 Nd4 7. Bd1 Rb8 8. h4
h5 9. Nd5 e6 10. Nf4 Ne7 11. c3 Ndc6 12. Nge2 b6 13. Ng3 d5 14. Ngxh5 gxh5 15.
Nxh5 Rg8 16. f3 Qd6 17. g4 Bh8 18. f4 d4 19. Bf2 dxc3 20. bxc3 b5 21. Rc1 b4
22. cxb4 Nxb4 23. Rh3 Ba6 24. Be2 Rd8 25. Bxc5 Nxd3+ 26. Rxd3 Qxd3 27. Bxd3
Rxd3 28. Qa5 Bc8 29. Bxe7 Kxe7 30. Qc5+ 1-0

[Event "Bielefeld- Bonn"]
[Site "?"]
[Date "2022.11.06"]
[Round "4.6"]
[White "Danielmeier, Ralf"]
[Black "Wahl, Felix"]
[Result "1/2-1/2"]
[WhiteElo "2071"]
[BlackElo "2090"]
[PlyCount "25"]
[SourceVersionDate "2023.06.22"]

1. e4 e5 2. Bc4 Nf6 3. d3 Nc6 4. Nc3 Na5 5. Nge2 Nxc4 6. dxc4 Bc5 7. Qd3 a6 8.
Be3 Bxe3 9. Qxe3 d6 10. c5 dxc5 11. Qxc5 Qe7 12. Qxe7+ Kxe7 13. O-O-O 1/2-1/2

[Event "Bielefeld- Bonn"]
[Site "?"]
[Date "2022.11.06"]
[Round "4.7"]
[White "Falkenberg, Hendrik"]
[Black "Doering, Carsten"]
[Result "1-0"]
[WhiteElo "1935"]
[BlackElo "2022"]
[PlyCount "61"]
[SourceVersionDate "2023.06.22"]

1. d4 Nf6 2. c4 g6 3. Nc3 Bg7 4. e4 d6 5. Nf3 O-O 6. h3 Na6 7. Be3 e5 8. d5 Nc5
9. Qc2 a5 10. Be2 Nh5 11. g3 f5 12. Bg5 Nf6 13. exf5 gxf5 14. Nh4 h6 15. Be3
Nfe4 16. Nxe4 Nxe4 17. Bd3 Ng5 18. Nxf5 e4 19. Bxe4 Nf3+ 20. Kf1 Bxf5 21. Bxf5
Qf6 22. Bg4 Rae8 23. Kg2 Ne5 24. Be6+ Kh8 25. f4 c5 26. Rae1 Ng6 27. Re2 h5 28.
Rf1 h4 29. g4 Bh6 30. Ref2 Qe7 31. Qxg6 1-0

[Event "Bielefeld- Bonn"]
[Site "?"]
[Date "2022.11.06"]
[Round "4.8"]
[White "Pollmueller, Michael"]
[Black "Cremer, Jonas"]
[Result "1-0"]
[WhiteElo "2132"]
[BlackElo "1850"]
[PlyCount "139"]
[SourceVersionDate "2023.06.22"]

1. d4 Nf6 2. Nf3 e6 3. c4 c5 4. d5 d6 5. Nc3 exd5 6. cxd5 g6 7. Nd2 Bg7 8. Nc4
O-O 9. Bf4 Ne8 10. Qd2 b6 11. e3 Ba6 12. a4 Bxc4 13. Bxc4 Nd7 14. O-O a6 15.
Qe2 Qc8 16. Ne4 Ne5 17. Rab1 Qd7 18. Bxa6 Qxa4 19. Bb7 Ra7 20. Nc3 Qd7 21. Ba6
Nc7 22. Bb5 Nxb5 23. Qxb5 Qxb5 24. Nxb5 Ra2 25. Nxd6 Rd8 26. Bxe5 Bxe5 27. Nc4
Bc7 28. d6 Bxd6 29. Nxb6 Bc7 30. Nc4 Ra4 31. Rfc1 Rd3 32. g3 Rb4 33. Rc2 Bd8
34. Ne5 Rd6 35. Rxc5 Bf6 36. Nc4 Rd3 37. Rc6 Kg7 38. Rc7 Rc3 39. bxc3 Rxb1+ 40.
Kg2 Bxc3 41. Nd6 Rd1 42. Nxf7 Kf6 43. Rxc3 Kxf7 44. Rc7+ Kg8 45. h4 h6 46. Kf3
Rd5 47. e4 Rd3+ 48. Kf4 Rd8 49. Re7 Rf8+ 50. Ke3 Rd8 51. f4 Kf8 52. Rh7 Kg8 53.
Rc7 Rd1 54. Rc5 Kf7 55. h5 Re1+ 56. Kf3 gxh5 57. Rxh5 Kg6 58. Rd5 h5 59. Rg5+
Kh6 60. e5 Rh1 61. e6 Re1 62. Re5 Rxe5 63. fxe5 Kg7 64. Ke4 Kf8 65. Kf4 Ke8 66.
Kg5 Ke7 67. Kxh5 Kxe6 68. g4 Kxe5 69. g5 Ke6 70. Kg6 1-0

[Event "Letmathe- Krefeld"]
[Site "?"]
[Date "2022.11.06"]
[Round "4.1"]
[White "Gutkin, Ilya"]
[Black "Haub, Thorsten Michael"]
[Result "1/2-1/2"]
[WhiteElo "2245"]
[BlackElo "2428"]
[Annotator "daniel"]
[PlyCount "107"]
[SourceVersionDate "2023.06.22"]

1. Nf3 g6 2. e4 Bg7 3. d4 d6 4. c3 Nd7 5. Bd3 e5 6. a4 Ngf6 7. O-O O-O 8. Bg5
h6 9. Bh4 Qe7 10. Re1 a6 11. a5 Re8 12. Nbd2 Qf8 13. Qc2 Nh5 14. Rad1 Ndf6 15.
dxe5 dxe5 16. Nc4 Nh7 17. Ne3 Nf4 18. Bc4 Bf6 19. Bg3 Ng5 20. Nd2 c6 21. h4 Nh7
22. Nf3 Qe7 23. Qd2 Bg7 24. Qd6 Qxd6 25. Rxd6 Bf6 26. Red1 Kg7 27. Kf1 Nf8 28.
b4 Be7 29. R6d2 f6 30. Ba2 Be6 31. Bxe6 N8xe6 32. Rd7 Rab8 33. Nc4 Nf8 34. Nd6
Nxd7 35. Nxe8+ Kf7 36. Bxf4 exf4 37. Rxd7 Kxe8 38. Rd4 c5 $11 39. Rc4 b5 40.
axb6 cxb4 41. cxb4 Rxb6 42. e5 g5 43. exf6 Bxf6 44. hxg5 hxg5 45. Ne1 Be7 46.
Nd3 Re6 47. Rc3 Rb6 48. Ra3 Bxb4 49. Nxb4 Rxb4 50. Rxa6 Kf7 51. Kg1 Kg7 52. f3
Rb2 53. Kh2 g4 54. fxg4 1/2-1/2

[Event "Letmathe- Krefeld"]
[Site "?"]
[Date "2022.11.06"]
[Round "4.2"]
[White "Bosch, Jeroen"]
[Black "Ricken, Katharina"]
[Result "1-0"]
[WhiteElo "2415"]
[BlackElo "2174"]
[PlyCount "93"]
[SourceVersionDate "2023.06.22"]

1. d4 e6 2. c4 Bb4+ 3. Bd2 Qe7 4. g3 Nf6 5. Nf3 Bxd2+ 6. Qxd2 Nc6 7. Nc3 d5 8.
cxd5 exd5 9. Bg2 O-O 10. O-O Bg4 11. Rfc1 Bxf3 12. Bxf3 Rad8 13. e3 a6 14. Rab1
Na7 15. a4 Nc8 16. b4 Nb6 17. b5 axb5 18. Rxb5 Qa3 19. Qb2 Qxb2 20. Rxb2 Ra8
21. Rb5 Ra7 22. a5 Nc4 23. Nxd5 Nxd5 24. Rxc4 c6 25. Rb1 Nc7 26. Rcb4 Nb5 27.
Ra1 Rfa8 28. d5 Ra6 29. dxc6 bxc6 30. Bxc6 Rxc6 31. Rxb5 Rca6 32. Rab1 Kf8 33.
Rb8+ Rxb8 34. Rxb8+ Ke7 35. Rb5 Kd6 36. Rb7 Ke6 37. Rb6+ Rxb6 38. axb6 Kd6 39.
Kg2 Kc6 40. Kf3 Kxb6 41. Ke4 Kc5 42. Ke5 Kc6 43. e4 Kc5 44. f4 Kc6 45. h4 Kc5
46. h5 h6 47. g4 1-0

[Event "Letmathe- Krefeld"]
[Site "?"]
[Date "2022.11.06"]
[Round "4.4"]
[White "Gruermann, Martin"]
[Black "Panjer, Sidney"]
[Result "1-0"]
[WhiteElo "2216"]
[BlackElo "2100"]
[PlyCount "61"]
[SourceVersionDate "2023.06.22"]

1. e4 e5 2. d4 exd4 3. c3 Qe7 4. cxd4 Qxe4+ 5. Be3 d5 6. Nc3 Bb4 7. Nf3 Qe7 8.
Bd3 Nf6 9. O-O O-O 10. Qc2 Bg4 11. Ne5 Bxc3 12. bxc3 Nc6 13. Rae1 Nxe5 14. dxe5
Qxe5 15. Bc5 Qh5 16. Bxf8 Rxf8 17. Re3 c5 18. Rfe1 c4 19. Be2 b5 20. h3 Bxe2
21. R1xe2 a6 22. Qd2 Qf5 23. Qd4 Qb1+ 24. Kh2 a5 25. Rg3 Kh8 26. Re5 Rg8 27.
Re7 Rf8 28. Rb7 Qxa2 29. Rb6 Ne8 30. Rb8 f6 31. Re3 1-0

[Event "Letmathe- Krefeld"]
[Site "?"]
[Date "2022.11.06"]
[Round "4.5"]
[White "Van Gool, Rudi"]
[Black "Pfleger, Sascha"]
[Result "1/2-1/2"]
[WhiteElo "2152"]
[BlackElo "2037"]
[PlyCount "101"]
[SourceVersionDate "2023.06.22"]

1. d4 Nf6 2. c4 c5 3. d5 b5 4. cxb5 a6 5. e3 e6 6. dxe6 fxe6 7. Nc3 Bb7 8. Nf3
Be7 9. Bd3 axb5 10. Bxb5 O-O 11. Qe2 Ne4 12. Nxe4 Bxe4 13. O-O Bxf3 14. gxf3
Bf6 15. f4 Ra3 16. b3 Ra5 17. Rb1 Qe8 18. Kh1 Qc8 19. a4 Qb7+ 20. f3 Rc8 21.
Qd3 d5 22. Bb2 Bxb2 23. Rxb2 Na6 24. Bxa6 Rxa6 25. Rff2 Rb6 26. Qc2 Rb4 27. h3
Qa7 28. Qc3 Qc7 29. Qe5 Qxe5 30. fxe5 Rcb8 31. a5 Ra8 32. Rbc2 Rxa5 33. Rc3
Rab5 34. Rfc2 Rxb3 35. Kg2 Rxc3 36. Rxc3 Kf7 37. Kg3 Kg6 38. Ra3 Rb6 39. Ra7
Rc6 40. Kf2 c4 41. Ke2 h5 42. Kd2 Rb6 43. h4 Rb2+ 44. Kc3 Rf2 45. Kd4 Rd2+ 46.
Kc5 c3 47. Kd6 c2 48. Rc7 d4 49. exd4 Kf5 50. Rf7+ Kg6 51. Rc7 1/2-1/2

[Event "Letmathe- Krefeld"]
[Site "?"]
[Date "2022.11.06"]
[Round "4.6"]
[White "Hunold, Rolf"]
[Black "Fehmer, Carsten"]
[Result "1/2-1/2"]
[WhiteElo "2009"]
[BlackElo "2142"]
[PlyCount "35"]
[SourceVersionDate "2023.06.22"]

1. e4 e6 2. d4 d5 3. Nc3 Nc6 4. Nf3 Nf6 5. Bg5 Be7 6. e5 Ne4 7. Bxe7 Qxe7 8.
Bd3 Qb4 9. O-O Nxc3 10. bxc3 Qxc3 11. Rb1 Qa3 12. Qd2 Qe7 13. c4 dxc4 14. Bxc4
O-O 15. Qe3 Nb4 16. Rfc1 Nd5 17. Qe4 c6 18. Bd3 1/2-1/2

[Event "Letmathe- Krefeld"]
[Site "?"]
[Date "2022.11.06"]
[Round "4.7"]
[White "Dorner, Matthias"]
[Black "Tomiczny, Darius"]
[Result "1/2-1/2"]
[WhiteElo "2180"]
[BlackElo "2015"]
[PlyCount "24"]
[SourceVersionDate "2023.06.22"]

1. d4 f5 2. c3 Nf6 3. Bf4 e6 4. Nd2 d5 5. e3 Bd6 6. Nh3 O-O 7. Bd3 b6 8. Qc2
Qe7 9. O-O Nbd7 10. Bg5 Qf7 11. Bf4 Qe7 12. Bg5 Qf7 1/2-1/2

[Event "Letmathe- Krefeld"]
[Site "?"]
[Date "2022.11.06"]
[Round "4.8"]
[White "Heeke, Guido"]
[Black "Guddat, Joachim"]
[Result "1/2-1/2"]
[WhiteElo "1874"]
[BlackElo "2125"]
[PlyCount "35"]
[SourceVersionDate "2023.06.22"]

1. c4 Nf6 2. Nc3 g6 3. g3 Bg7 4. Bg2 O-O 5. Nf3 d6 6. d4 Nbd7 7. O-O c6 8. b3
Re8 9. Bb2 e5 10. e4 Qc7 11. Re1 a6 12. Rc1 b6 13. d5 c5 14. a4 Nf8 15. Ra1 Bd7
16. Bf1 Bh6 17. Nh4 Nh5 18. Be2 1/2-1/2

[Event "Katernberg 2- Lasker Köln"]
[Site "?"]
[Date "2022.11.06"]
[Round "4.2"]
[White "Villwock, Martin"]
[Black "Wiekert, Martin"]
[Result "1/2-1/2"]
[WhiteElo "2107"]
[BlackElo "2284"]
[PlyCount "83"]
[SourceVersionDate "2023.06.22"]

1. e4 d6 2. d4 Nf6 3. Nc3 e5 4. Nge2 Be7 5. h3 O-O 6. Be3 c6 7. g4 Re8 8. Bg2
Nbd7 9. g5 Nh5 10. Qd2 Nb6 11. b3 f5 12. gxf6 Nxf6 13. f4 exd4 14. Bxd4 d5 15.
e5 Nfd7 16. O-O Bc5 17. a4 Bxd4+ 18. Nxd4 Nf8 19. a5 Nbd7 20. a6 Qb6 21. Kh1
Nc5 22. b4 Ne4 23. Nxe4 dxe4 24. Bxe4 Rd8 25. c3 bxa6 26. Qa2+ Kh8 27. Rg1 Qc7
28. Qg2 Ne6 29. f5 Nxd4 30. cxd4 Rxd4 31. Bxc6 Rb8 32. e6 Rc4 33. Rac1 Rxc1 34.
Rxc1 Bb7 35. Rc5 Rd8 36. Rd5 Rxd5 37. Bxd5 Qc1+ 38. Kh2 Qf4+ 39. Kh1 Qc1+ 40.
Kh2 Qf4+ 41. Kh1 Qc1+ 42. Kh2 1/2-1/2

[Event "Katernberg 2- Lasker Köln"]
[Site "?"]
[Date "2022.11.06"]
[Round "4.3"]
[White "Paris, Michael"]
[Black "Scheck, Kyrill"]
[Result "0-1"]
[WhiteElo "2135"]
[BlackElo "2163"]
[PlyCount "48"]
[SourceVersionDate "2023.06.22"]

1. d4 Nf6 2. Nf3 g6 3. Nc3 d5 4. Bf4 Bg7 5. h3 O-O 6. e3 c5 7. dxc5 Qa5 8. Bd3
Nc6 9. O-O Qxc5 10. a3 Nh5 11. Na4 Qa5 12. c3 e5 13. b4 Qd8 14. Bg5 f6 15. Bh4
e4 16. Be2 exf3 17. Bxf3 Ne7 18. Qb3 Nf5 19. Bxd5+ Kh8 20. g4 Nxh4 21. gxh5
gxh5 22. Nc5 Qe7 23. Qc4 f5 24. Nd3 Be6 0-1

[Event "Katernberg 2- Lasker Köln"]
[Site "?"]
[Date "2022.11.06"]
[Round "4.4"]
[White "Irkilmez, Yakub"]
[Black "Pfeffer, Ruprecht"]
[Result "1-0"]
[WhiteElo "2136"]
[BlackElo "2254"]
[PlyCount "53"]
[SourceVersionDate "2023.06.22"]

1. d4 Nf6 2. c4 g6 3. Nc3 d5 4. Nf3 Bg7 5. h4 c5 6. dxc5 Qa5 7. cxd5 Nxd5 8.
Qxd5 Bxc3+ 9. Bd2 Bxd2+ 10. Qxd2 Qxc5 11. Rc1 Qf5 12. Nd4 Qg4 13. g3 Nd7 14.
Bg2 Nb6 15. Qe3 O-O 16. h5 Qd7 17. Rd1 Nd5 18. Qb3 Nf6 19. hxg6 hxg6 20. Qe3
Ng4 21. Qg5 Kg7 22. f3 Qc7 23. fxg4 Qxg3+ 24. Kf1 Rh8 25. Rxh8 Kxh8 26. Nf3
Bxg4 27. Rd4 1-0

[Event "Katernberg 2- Lasker Köln"]
[Site "?"]
[Date "2022.11.06"]
[Round "4.5"]
[White "Pawelzik, Malte"]
[Black "Dahm, Bernd"]
[Result "0-1"]
[WhiteElo "2145"]
[BlackElo "2123"]
[PlyCount "54"]
[SourceVersionDate "2023.06.22"]

1. e4 e6 2. d4 d5 3. Nc3 Bb4 4. e5 b6 5. a3 Bf8 6. Nf3 Ne7 7. Bd3 Ba6 8. Nb5
Nf5 9. c4 c6 10. Nc3 Bxc4 11. Bxc4 dxc4 12. O-O Be7 13. Be3 O-O 14. a4 Na6 15.
b3 cxb3 16. Qxb3 Nb4 17. Rac1 Qd7 18. Rfd1 Nd5 19. Ne4 Rfc8 20. Bg5 Bf8 21. Rc2
Nb4 22. Rc4 a5 23. Bd2 b5 24. axb5 cxb5 25. Nc5 bxc4 26. Nxd7 cxb3 27. Nb6 Rd8
0-1

[Event "Katernberg 2- Lasker Köln"]
[Site "?"]
[Date "2022.11.06"]
[Round "4.6"]
[White "Melde, Benjamin"]
[Black "Loseries, Uwe"]
[Result "1-0"]
[WhiteElo "2131"]
[BlackElo "2172"]
[PlyCount "47"]
[SourceVersionDate "2023.06.22"]

1. c4 Nf6 2. Nf3 g6 3. Nc3 Bg7 4. e4 d6 5. d4 O-O 6. Be2 e5 7. O-O Nc6 8. d5
Ne7 9. Ne1 Nd7 10. Nd3 f5 11. Bd2 Nf6 12. f3 f4 13. c5 g5 14. Nb5 Rf7 15. Ba5
b6 16. cxd6 cxd6 17. Be1 Ng6 18. Nb4 Bf8 19. Nc6 Qe8 20. Bb4 Rd7 21. Qd3 Qf7
22. a4 a6 23. Na3 Ne8 24. Nc4 1-0

[Event "Katernberg 2- Lasker Köln"]
[Site "?"]
[Date "2022.11.06"]
[Round "4.7"]
[White "Fox, Daniel"]
[Black "Dette, Jan"]
[Result "1-0"]
[WhiteElo "2154"]
[BlackElo "2037"]
[PlyCount "77"]
[SourceVersionDate "2023.06.22"]

1. e4 e6 2. d4 d5 3. Nd2 c5 4. exd5 Qxd5 5. Ngf3 cxd4 6. Bc4 Qd7 7. O-O a6 8.
Qe2 Nc6 9. Rd1 Nf6 10. a4 Na5 11. Bd3 Be7 12. Ne4 Nc6 13. Bg5 h6 14. Nxf6+ gxf6
15. Bh4 e5 16. Be4 Rg8 17. c3 Qg4 18. Bg3 dxc3 19. bxc3 Be6 20. Rab1 Na5 21. h3
Qh5 22. Bxb7 Nxb7 23. Rxb7 Bc5 24. Qe4 Rc8 25. Kh2 Qg6 26. Qe2 a5 27. Nh4 Qg5
28. Qb5+ Kf8 29. Qxa5 Kg7 30. Rc7 e4 31. Rxc8 Rxc8 32. Qb5 Qh5 33. Re1 f5 34.
f4 Be7 35. Rxe4 Bxh4 36. Rxe6 Bxg3+ 37. Kxg3 Rxc3+ 38. Kh2 Rc7 39. Qe5+ 1-0

[Event "Katernberg 2- Lasker Köln"]
[Site "?"]
[Date "2022.11.06"]
[Round "4.8"]
[White "Heldt, Maximilian"]
[Black "Cramer, Volker"]
[Result "0-1"]
[WhiteElo "2034"]
[BlackElo "2056"]
[PlyCount "60"]
[SourceVersionDate "2023.06.22"]

1. e4 e6 2. d4 d5 3. Nc3 Nf6 4. Bg5 Be7 5. e5 Nfd7 6. h4 h6 7. Bxe7 Qxe7 8. Qg4
O-O 9. Nb5 a6 10. Nc3 c5 11. Nf3 Nc6 12. dxc5 Ndxe5 13. Nxe5 Nxe5 14. Qg3 Nd7
15. Na4 b5 16. c6 Nf6 17. Nc3 Qc5 18. Be2 b4 19. Nd1 Qxc2 20. Bd3 Qxc6 21. O-O
Bb7 22. Ne3 Rac8 23. f4 Qb6 24. Kh1 Qd4 25. Rad1 Qxb2 26. f5 e5 27. Ng4 e4 28.
Rf2 Qd4 29. Rf4 Nh5 30. Nxh6+ Kh7 0-1

[Event "Porz 3- Kamen"]
[Site "?"]
[Date "2022.11.06"]
[Round "4.1"]
[White "Luetke, Jens"]
[Black "Gallinnis, Norbert"]
[Result "0-1"]
[WhiteElo "2189"]
[BlackElo "2154"]
[PlyCount "148"]
[SourceVersionDate "2023.06.22"]

1. e4 g6 2. d4 Nf6 3. e5 Nh5 4. Be2 Ng7 5. Nf3 d6 6. Nbd2 dxe5 7. dxe5 Nc6 8.
b3 Bf5 9. Bb2 Ne6 10. Nh4 Ncd4 11. Nxf5 gxf5 12. Nf3 Nxe2 13. Qxe2 Qd5 14. Rd1
Qa5+ 15. Qd2 Qxd2+ 16. Rxd2 Rg8 17. g3 Bh6 18. Rd1 Rd8 19. Nh4 Rxd1+ 20. Kxd1
f4 21. Nf5 Bf8 22. Ke2 Rg5 23. Nh4 Rh5 24. Kf3 Bg7 25. Re1 Kd7 26. Kg4 Rg5+ 27.
Kf3 fxg3 28. hxg3 Kc6 29. Ke4 Nc5+ 30. Kf4 Ne6+ 31. Ke4 Rg4+ 32. Kf3 h5 33. Nf5
Bf8 34. Bc1 Ng7 35. Nxg7 Rxg7 36. e6 fxe6 37. Rxe6+ Kd5 38. Re4 Rf7+ 39. Bf4
Bg7 40. c4+ Kc5 41. Ke2 Kc6 42. b4 a6 43. a4 Kd7 44. b5 Rf5 45. f3 Rf7 46. Bd2
c6 47. bxa6 bxa6 48. Bg5 e6 49. Bd2 Kd6 50. Bb4+ c5 51. Bd2 Bd4 52. Rh4 Rf5 53.
Rh1 Kc6 54. Rb1 Be5 55. f4 Bc7 56. Kf3 Rf6 57. Rh1 Rf5 58. Ke4 Kd7 59. Be3 Bd6
60. Bc1 Bc7 61. Bb2 Ba5 62. Be5 Kc6 63. Rb1 Rf8 64. Rb8 Rxb8 65. Bxb8 Be1 66.
f5 exf5+ 67. Kxf5 Kb6 68. Kg5 Bc3 69. Bd6 Bd4 70. Kxh5 Ka5 71. g4 Kxa4 72. g5
Kb3 73. Be7 a5 74. Bf6 a4 0-1

[Event "Porz 3- Kamen"]
[Site "?"]
[Date "2022.11.06"]
[Round "4.2"]
[White "Finke, Kai"]
[Black "Himmel, Hansjoerg"]
[Result "1-0"]
[WhiteElo "2130"]
[BlackElo "2257"]
[PlyCount "65"]
[SourceVersionDate "2023.06.22"]

1. d4 Nf6 2. c4 e6 3. Nc3 Bb4 4. Bg5 c5 5. d5 d6 6. e3 Bxc3+ 7. bxc3 e5 8. Bd3
h6 9. Bh4 Nbd7 10. Ne2 g5 11. Bg3 Nh5 12. O-O Ndf6 13. Qb1 Qe7 14. f3 b6 15. a4
Ng7 16. Bf2 Nfh5 17. g4 Nf6 18. Ng3 h5 19. h3 hxg4 20. hxg4 e4 21. Bxe4 Qe5 22.
Kg2 Bd7 23. a5 bxa5 24. Rxa5 Ke7 25. Qc2 Rh4 26. Raa1 Rah8 27. Rh1 a5 28. Rxh4
gxh4 29. f4 h3+ 30. Kh1 Qxe4+ 31. Nxe4 Nxg4 32. Ng3 h2 33. Kg2 1-0

[Event "Porz 3- Kamen"]
[Site "?"]
[Date "2022.11.06"]
[Round "4.3"]
[White "Weidemann, Christian"]
[Black "Wagenknecht, Uwe"]
[Result "1-0"]
[WhiteElo "2237"]
[BlackElo "2119"]
[PlyCount "73"]
[SourceVersionDate "2023.06.22"]

1. e4 c5 2. c3 d6 3. d4 Nf6 4. Bd3 Nc6 5. Nf3 Bg4 6. d5 Ne5 7. Nxe5 dxe5 8.
Qxg4 Nxg4 9. Bb5+ Qd7 10. Bxd7+ Kxd7 11. c4 g6 12. O-O Bh6 13. Nd2 Kd6 14. b4
Rhc8 15. bxc5+ Rxc5 16. h3 Bxd2 17. Bxd2 Nf6 18. Bb4 Nxe4 19. Rfe1 a5 20. Ba3
f5 21. f3 Nc3 22. Bxc5+ Kxc5 23. Rxe5 Kxc4 24. Rxe7 b5 25. Rc7+ Kd4 26. d6 Rd8
27. d7 b4 28. Re1 Nxa2 29. Re8 Rxd7 30. Rxd7+ Kc4 31. Ra7 b3 32. Rxa5 b2 33.
Rc8+ Kb3 34. Rb5+ Nb4 35. Kf2 Ka4 36. Rxb4+ Kxb4 37. Ke3 1-0

[Event "Porz 3- Kamen"]
[Site "?"]
[Date "2022.11.06"]
[Round "4.4"]
[White "Evers, Leo"]
[Black "Kleinegger, Frank"]
[Result "1/2-1/2"]
[WhiteElo "2085"]
[BlackElo "2159"]
[PlyCount "141"]
[SourceVersionDate "2023.06.22"]

1. d4 d5 2. c4 dxc4 3. e4 b5 4. a4 c6 5. axb5 cxb5 6. b3 Bb7 7. bxc4 Bxe4 8.
Nc3 Bb7 9. Nxb5 a6 10. Nc3 e5 11. Qb3 Qc8 12. Rb1 exd4 13. Qxb7 Qxb7 14. Rxb7
dxc3 15. Ne2 Nc6 16. Nxc3 Bb4 17. Bd2 O-O-O 18. Rb6 Nge7 19. Nd5 Bxd2+ 20. Kxd2
Nxd5 21. Rxc6+ Nc7+ 22. Kc3 Kb7 23. Rc5 Ne6 24. Rf5 Rd7 25. g3 Kc7 26. Bg2 g6
27. Ra5 Kb6 28. Ra2 Nc5 29. Rb1+ Kc7 30. Bd5 Rb8 31. Rxb8 Kxb8 32. Re2 Kc7 33.
Re8 Kd6 34. Rf8 f5 35. Rf6+ Ke7 36. Rc6 Ne4+ 37. Bxe4 fxe4 38. Rxa6 Rd3+ 39.
Kb4 Rd2 40. Kc5 Rxf2 41. Kd5 Rxh2 42. Re6+ Kd7 43. Rxe4 h5 44. Ke5 g5 45. Rd4+
Kc7 46. Kf5 h4 47. g4 Rc2 48. Kxg5 h3 49. Rd3 h2 50. Rh3 Kd6 51. Rh8 Ke7 52.
Kg6 Rxc4 53. g5 Rc8 54. Rxh2 Rg8+ 55. Kf5 Rf8+ 56. Ke5 Rf1 57. Rh7+ Kf8 58. Rb7
Kg8 59. Ke6 Rf2 60. Rc7 Rf1 61. Rd7 Rf2 62. Ra7 Rf1 63. Ra5 Kg7 64. Rf5 Rxf5
65. Kxf5 Kf7 66. g6+ Kg8 67. Kg5 Kg7 68. Kh5 Kg8 69. Kh6 Kh8 70. g7+ Kg8 71.
Kg6 1/2-1/2

[Event "Porz 3- Kamen"]
[Site "?"]
[Date "2022.11.06"]
[Round "4.5"]
[White "Georg, Heinz"]
[Black "Thiemonds, Uli"]
[Result "1/2-1/2"]
[WhiteElo "2167"]
[BlackElo "2072"]
[PlyCount "53"]
[SourceVersionDate "2023.06.22"]

1. e4 e6 2. c4 d5 3. cxd5 exd5 4. exd5 Qxd5 5. Nc3 Qd8 6. d4 Nf6 7. Bc4 h6 8.
Qb3 Qd7 9. Nf3 Bd6 10. O-O O-O 11. Ne5 Bxe5 12. dxe5 Nh7 13. Re1 Qf5 14. Nd5
Nc6 15. Bd3 Qh5 16. Nxc7 Rb8 17. Bf4 Ng5 18. Qd1 Qxd1 19. Raxd1 Bg4 20. f3 Bxf3
21. gxf3 Nh3+ 22. Kf1 Nxf4 23. Bf5 Rbd8 24. Bd7 Nb8 25. Bf5 Nc6 26. Bd7 Nb8 27.
Bf5 1/2-1/2

[Event "Porz 3- Kamen"]
[Site "?"]
[Date "2022.11.06"]
[Round "4.6"]
[White "Paulus, Jeffrey"]
[Black "Seepe, Udo"]
[Result "1/2-1/2"]
[WhiteElo "1972"]
[BlackElo "2109"]
[Annotator "daniel"]
[PlyCount "80"]
[SourceVersionDate "2023.06.22"]

1. d4 d5 2. c4 c6 3. Nf3 Nf6 4. Nc3 a6 5. c5 Bf5 6. Bf4 Nbd7 7. e3 e6 8. Nd2
Be7 9. Be2 h6 10. O-O O-O 11. b4 b6 12. cxb6 Nxb6 13. Qb3 Bd6 $11 14. Bxd6 Qxd6
15. Rfc1 Rfb8 16. a4 Nbd7 17. Na2 e5 18. Qc3 Rc8 19. a5 exd4 20. Qxd4 c5 21.
bxc5 Rxc5 22. Rxc5 Nxc5 23. Nc4 Qe7 24. Nb6 Rd8 25. Rd1 Bc2 26. Rf1 Bg6 27. Nb4
Ne6 28. Nc6 Qe8 29. Qc3 d4 30. exd4 Ne4 31. Qc1 Nxd4 32. Nxd4 Rxd4 33. Bxa6 Qe5
34. Qc8+ Kh7 35. Nd7 Rxd7 36. Qxd7 Qxa5 37. Bc4 Nd2 38. Bxf7 Bxf7 39. Qxf7 Nxf1
40. Kxf1 Qb5+ 1/2-1/2

[Event "Porz 3- Kamen"]
[Site "?"]
[Date "2022.11.06"]
[Round "4.7"]
[White "Georg, Felix"]
[Black "Wegener, Marcus"]
[Result "1/2-1/2"]
[WhiteElo "2033"]
[BlackElo "2008"]
[PlyCount "81"]
[SourceVersionDate "2023.06.22"]

1. d4 c5 2. Nf3 cxd4 3. Nxd4 d5 4. g3 e5 5. Nb3 Nc6 6. Bg2 Be6 7. e4 dxe4 8.
Qxd8+ Rxd8 9. Bxe4 Nf6 10. Bg2 Nd5 11. c3 Be7 12. O-O O-O 13. Re1 f6 14. N1d2
Kf7 15. Nf1 Rd7 16. Ne3 Nb6 17. Nd2 Rfd8 18. Ndf1 Na4 19. b3 Nxc3 20. Bb2 Nb5
21. f4 exf4 22. gxf4 Nbd4 23. Ng3 g6 24. f5 gxf5 25. Rf1 Bc5 26. Kh1 Bd6 27.
Nexf5 Nxf5 28. Nxf5 Be5 29. Bxe5 Nxe5 30. Rae1 Bxf5 31. Rxf5 Rd1 32. Rff1 Rxe1
33. Rxe1 b6 34. Be4 Rd2 35. a4 f5 36. Rf1 Ng6 37. Bxf5 Kf6 38. Bxg6+ Kxg6 39.
Rf3 h5 40. h3 a5 41. Kg1 1/2-1/2